| 000 | 00404nam a22001457a 4500 | ||
|---|---|---|---|
| 999 |
_c7804 _d7805 |
||
| 008 | 190405b ||||| |||| 00| 0 eng d | ||
| 020 | _a0070586985 | ||
| 082 | _a150 F32u 2002 | ||
| 100 | _aFeldman, Roberts S. | ||
| 245 | _aUnderstanding Psychology. | ||
| 250 | _a6th ed. | ||
| 260 |
_aNew Delhi ; _bTata McGraw Publishing Company Limited, _c2002. |
||
| 300 |
_axxxv, 559 p. _bill. _c28 cm. |
||
| 942 | _2ddc | ||